000 02094nam0a2200373 4500
001 RU\NLR\BIBL_A\022327114
005 20250708134904.0
010 _a978-5-0054-1192-1
_9200
021 _aRU
_bКН-П-24-046169
_9КН-П-24-4593
035 _a(NLR Aleph) 022327114
090 _a13449750
_c13449750
100 _a20240918d2024 u y0rusy50 ca
101 0 _arus
102 _aRU
105 _aa|||j|||000yy
181 0 _ai
_bxxxe
182 0 _an
200 1 _aОсновы управления транспортными средствами категорий "C", "CE" и подкатегорий "C1", "C1E"
_iСпециальный цикл
_eучебник водителя транспортных средств категорий "C", "CE" и подкатегорий "C1", "C1E"
_eдля использования в учебном процессе образовательных организаций, реализующих программы СПО по профессиям "Автомеханик" и "Мастер по ремонту и обслуживанию автомобилей"
_fО. В. Майборода, А. Л. Травянко
203 _aТекст
_bвизуальный
_cнепосредственный
205 _a2-е изд. стер.
210 _aМосква
_cАкадемия
_d2024
215 _a140 с.
_cцв. ил.
_d22
225 1 _aПрофессиональное образование
_iПрофессиональный модуль
313 _a1-е изд. 2020
333 _a12+
606 1 _aГрузовые автомобили
_jУчебники для среднего профессионального образования
_xВождение
_92364721
_3RU\NLR\AUTH\661411832
686 1 _aО335.4-082.02я723-1
700 1 _aМайборода
_bО. В.
_gОлег Владимирович
701 1 _aТравянко
_bА. Л.
_gАлександр Леонидович
942 _cBOOK
980 _aNB
980 _aNB